Voice Actors - Statistics

General Stats
  • This quiz has been taken 39,384 times
    27,607 since last reset
  • The average score is 13 of 20
Answer Stats
Role Movie / Show Actor % Correct
Donkey Shrek Eddie Murphy
90%
Woody Toy Story Tom Hanks
88%
Shrek Shrek Mike Myers
86%
Po Kung Fu Panda Jack Black
80%
Genie Aladdin Robin Williams
80%
Princess Fiona Shrek Cameron Diaz
78%
Dory Finding Nemo Ellen DeGeneres
78%
Puss in Boots Shrek 2 Antonio Banderas
73%
Darth Vader Star Wars James Earl Jones
73%
Buzz Lightyear Toy Story Tim Allen
70%
Rango Rango Johnny Depp
67%
Meg Griffin Family Guy Mila Kunis
60%
Oscar Shark Tale Will Smith
60%
Peter Griffin Family Guy Seth MacFarlane
54%
Barry B. Benson Bee Movie Jerry Seinfeld
50%
Frozone The Incredibles Samuel L. Jackson
50%
Alex Madagascar Ben Stiller
48%
Manfred Ice Age Ray Romano
42%
Garfield Garfield: The Movie Bill Murray
36%
Mikey Look Who's Talking Bruce Willis
29%
No matching quizzes found
Score Distribution
Percent of People with Each Score
Percentile by Number Answered
Your Score History
You have not taken this quiz since the last reset